Living five and others S.F.stories
| Main Author: | |
|---|---|
| Format: | Book |
| Published: |
Great Britain :
Seift childrenis books ,
1990
|
| Subjects: |
MARC
| LEADER | 00000cam a2200000 7i4500 | ||
|---|---|---|---|
| 001 | 0000005789 | ||
| 002 | 000006256 | ||
| 005 | 20000330.0 | ||
| 020 | |a 08862208602 | ||
| 090 | 0 | 0 | |a JF |b FIS |
| 100 | 0 | |a Fisk, Nichokis | |
| 245 | 1 | 0 | |a Living five and others S.F.stories |c Nichokis Fisk ; David Parkins |
| 260 | |a Great Britain : |b Seift childrenis books , |c 1990 | ||
| 300 | |a 188p. : |b ill ; |c 20cm. | ||
| 650 | 0 | 0 | |a Adventure stories |
| 999 | |a 032425 |b BUKU |c JUNIOR FICTION |e PERPUSTAKAAN KOMUNITI PETALING JAYA | ||